[Event "Baden-ch AT1"]
[Site "Oberwinden"]
[Date "2007.04.14"]
[Round "11"]
[White "Pfefferle, Stefan"]
[Black "Kahl, Christoph"]
[Result "1-0"]
[WhiteElo "1105"]
[BlackElo "1315"]
[PlyCount "59"]
[EventDate "2007.04.06"]
[EventType "swiss"]
[EventRounds "11"]
[EventCountry "GER"]
[SourceTitle "CBM 117 Extra"]
[Source "ChessBase"]
[SourceDate "2007.05.09"]
[SourceVersion "1"]
[SourceVersionDate "2007.05.09"]
[SourceQuality "1"]

1. e4 c5 2. Nf3 Nc6 3. d4 cxd4 4. Nxd4 g6 5. Nc3 Bg7 6. Be3 Nf6 7. f3 0-0 8. Qd2 a6 9. 0-0-0 d6 10. g4 Nxd4 11. Bxd4 Be6 12. h4 Qa5 13. a3 Rfd8 14. Ne2 Qxd2+ 15. Rxd2 Bc4 16. Nc3 Bxf1 17. Rxf1 e5 18. Be3 Rd7 19. Rh1 h5 20. gxh5 Nxh5 21. Rg2 Kh7 22. Nd5 f5 23. Bg5 f4 24. Rd1 Rf7 25. Rdd2 Ng3 26. Nc3 Kg8 27. Rxd6 Nh5 28. Rxg6 Nf6 29. Bxf6 Rxf6 30. Rxf6 1-0

[Event "Baden-ch AT1"]
[Site "Oberwinden"]
[Date "2007.04.13"]
[Round "10"]
[White "Walch, Philipp"]
[Black "Pfefferle, Stefan"]
[Result "1/2-1/2"]
[WhiteElo "1393"]
[BlackElo "1105"]
[PlyCount "61"]
[EventDate "2007.04.06"]
[EventType "swiss"]
[EventRounds "11"]
[EventCountry "GER"]
[SourceTitle "CBM 117 Extra"]
[Source "ChessBase"]
[SourceDate "2007.05.09"]
[SourceVersion "1"]
[SourceVersionDate "2007.05.09"]
[SourceQuality "1"]

1. d4 d5 2. Bf4 Nf6 3. e3 Bf5 4. Nf3 e6 5. Be2 Nbd7 6. 0-0 c5 7. c3 cxd4 8. cxd4 Rc8 9. Bd3 Bxd3 10. Qxd3 Be7 11. h3 0-0 12. Nbd2 Qb6 13. Rab1 Bd6 14. Ne5 Rc7 15. Qb3 Qxb3 16. Nxb3 Ne8 17. Rbc1 Nb6 18. Rxc7 Bxc7 19. Nc5 Nd6 20. Ned7 Nxd7 21. Nxd7 Rd8 22. Nc5 b6 23. Bxd6 Rxd6 24. Na6 Rc6 25. Nxc7 Rxc7 26. a4 a6 27. Rb1 h6 28. Kf1 Kf8 29. Re1 Rc2 30. g4 Ke7 31. b3 1/2-1/2

[Event "Baden-ch AT1"]
[Site "Oberwinden"]
[Date "2007.04.12"]
[Round "9"]
[White "Pfefferle, Stefan"]
[Black "Bartle, Georg"]
[Result "0-1"]
[WhiteElo "1105"]
[BlackElo "1724"]
[PlyCount "74"]
[EventDate "2007.04.06"]
[EventType "swiss"]
[EventRounds "11"]
[EventCountry "GER"]
[SourceTitle "CBM 117 Extra"]
[Source "ChessBase"]
[SourceDate "2007.05.09"]
[SourceVersion "1"]
[SourceVersionDate "2007.05.09"]
[SourceQuality "1"]

1. e4 d5 2. exd5 Qxd5 3. Nc3 Qa5 4. d4 c6 5. Bd2 Bf5 6. Nf3 Nf6 7. Be2 Nbd7 8. 0-0 Qc7 9. Re1 e6 10. Nh4 Bg6 11. Nxg6 hxg6 12. h3 Bd6 13. Bf1 0-0-0 14. Qf3 Nb6 15. Rad1 Nbd5 16. Nxd5 exd5 17. Bg5 Be7 18. Bf4 Qd7 19. Bd3 Nh5 20. Be2 Nxf4 21. Qxf4 f5 22. Qg3 g5 23. f4 Qc7 24. Rf1 g6 25. Rd3 Rdg8 26. fxg5 Bd6 27. Qe1 Bf4 28. h4 Re8 29. Rdf3 Be3+ 30. Kh1 Bxd4 31. c3 Bb6 32. g3 Qe5 33. R1f2 Bxf2 34. Rxf2 Qxg3 35. Qg1 Rxh4+ 36. Qh2 Rxh2+ 37. Rxh2 Qe1+ 0-1

[Event "Baden-ch AT1"]
[Site "Oberwinden"]
[Date "2007.04.10"]
[Round "6"]
[White "Kleinhans, Maria"]
[Black "Pfefferle, Stefan"]
[Result "0-1"]
[WhiteElo "1427"]
[BlackElo "1105"]
[PlyCount "36"]
[EventDate "2007.04.06"]
[EventType "swiss"]
[EventRounds "11"]
[EventCountry "GER"]
[SourceTitle "CBM 117 Extra"]
[Source "ChessBase"]
[SourceDate "2007.05.09"]
[SourceVersion "1"]
[SourceVersionDate "2007.05.09"]
[SourceQuality "1"]

1. d4 d5 2. Nf3 Nc6 3. c3 Nf6 4. e3 Bf5 5. Bb5 Bd7 6. Bd3 e6 7. Qc2 Bd6 8. 0-0 Qe7 9. Nbd2 e5 10. dxe5 Nxe5 11. Nxe5 Qxe5 12. Nf3 Qh5 13. e4 dxe4 14. Bxe4 0-0-0 15. g3 Nxe4 16. Qxe4 Rhe8 17. Qd4 Qxf3 18. Qxa7 Bc6 0-1

[Event "Baden-ch AT1"]
[Site "Oberwinden"]
[Date "2007.04.07"]
[Round "3"]
[White "Pfefferle, Stefan"]
[Black "Bonitz, Ronny"]
[Result "1-0"]
[WhiteElo "1105"]
[BlackElo "1456"]
[PlyCount "43"]
[EventDate "2007.04.06"]
[EventType "swiss"]
[EventRounds "11"]
[EventCountry "GER"]
[SourceTitle "CBM 117 Extra"]
[Source "ChessBase"]
[SourceDate "2007.05.09"]
[SourceVersion "1"]
[SourceVersionDate "2007.05.09"]
[SourceQuality "1"]

1. e4 c6 2. d4 d5 3. exd5 cxd5 4. Nc3 Bf5 5. Nf3 e6 6. Qe2 Nc6 7. Be3 Nf6 8. h3 Bb4 9. a3 Bxc3+ 10. bxc3 Ne4 11. c4 0-0 12. cxd5 exd5 13. Qb5 Rb8 14. Bd3 Nc3 15. Qb3 Ne4 16. 0-0 Qc8 17. Qxd5 Rd8 18. Qb5 Rd7 19. Qxf5 Nc3 20. Qxh7+ Kf8 21. Qh8+ Ke7 22. Bg5+ 1-0

[Event "Baden-ch AT1"]
[Site "Oberwinden"]
[Date "2007.04.06"]
[Round "1"]
[White "Pfefferle, Stefan"]
[Black "Dosch, Steffen"]
[Result "0-1"]
[WhiteElo "1105"]
[BlackElo "1626"]
[PlyCount "90"]
[EventDate "2007.04.06"]
[EventType "swiss"]
[EventRounds "11"]
[EventCountry "GER"]
[SourceTitle "CBM 117 Extra"]
[Source "ChessBase"]
[SourceDate "2007.05.09"]
[SourceVersion "1"]
[SourceVersionDate "2007.05.09"]
[SourceQuality "1"]

1. e4 e5 2. Nf3 Nc6 3. d4 exd4 4. Nxd4 Bc5 5. Be3 Nxd4 6. Bxd4 Bxd4 7. Qxd4 Qf6 8. Qxf6 Nxf6 9. Nc3 0-0 10. 0-0-0 d6 11. Bc4 Be6 12. Bxe6 fxe6 13. f3 e5 14. g4 Rf7 15. h4 Nd7 16. Rh3 Raf8 17. Rf1 Nc5 18. Kd2 a6 19. g5 g6 20. Ke3 c6 21. h5 gxh5 22. Rxh5 Rg7 23. f4 Ne6 24. f5 Nxg5 25. Rg1 Nf7 26. Rxg7+ Kxg7 27. Ne2 h6 28. Kd3 Kf6 29. Ng3 Rg8 30. Rh3 d5 31. Nh5+ Ke7 32. f6+ Ke6 33. Rf3 dxe4+ 34. Kxe4 Ng5+ 35. Ke3 Nxf3 36. Kxf3 Rg5 37. Ng3 h5 38. Ne4 Rf5+ 39. Kg3 Rf4 40. f7 Kxf7 41. Ng5+ Kg6 42. Nh3 h4+ 43. Kg2 Rg4+ 44. Kf2 Kf5 45. Kf3 Rg3+ 0-1